EFFECT OF INDOLE BUTHRIC ACID PLANHORMONE GROWTH REGULATORS ON ROOTS PRODUCTION OF ROSE (Rose Kordesii) ឥទ្ធិពលរបស់កម្រិតអរម៉ូន​ Indole butyric acid ទៅលើការលូតលាស់ឬសដំណាំំផ្កាកូលាប (Record no. 22736)

000 -LEADER
fixed length control field 00672nam a22001337a 4500
040 ## - CATALOGING SOURCE
Transcribing agency RUA
082 ## - DEWEY DECIMAL CLASSIFICATION NUMBER
Classification number AGR LEN 2020 B1-570 Or.
100 ## - MAIN ENTRY--AUTHOR NAME
Personal name LENG CHANTHY ឡេង ចាន់ធី
245 ## - TITLE STATEMENT
Title EFFECT OF INDOLE BUTHRIC ACID PLANHORMONE GROWTH REGULATORS ON ROOTS PRODUCTION OF ROSE (Rose Kordesii) ឥទ្ធិពលរបស់កម្រិតអរម៉ូន​ Indole butyric acid ទៅលើការលូតលាស់ឬសដំណាំំផ្កាកូលាប
260 ## - PUBLICATION, DISTRIBUTION, ETC. (IMPRINT)
Place of publication PHNOM PENH
Name of publisher RUA
Year of publication 2020
300 ## - PHYSICAL DESCRIPTION
Number of Pages IX.33P
Other physical details VII.
Dimensions 29CM
856 ## - ELECTRONIC LOCATION AND ACCESS
Uniform Resource Identifier https://drive.google.com/file/d/1WfnwodR3FPn2ZfmI6JcwGcKhebcs88DI/view?usp=sharing
942 ## - ADDED ENTRY ELEMENTS (KOHA)
Koha item type AGR
952 ## - LOCATION AND ITEM INFORMATION (KOHA)
Withdrawn status [LOCAL, KOHA] 0
952 ## - LOCATION AND ITEM INFORMATION (KOHA)
Withdrawn status [LOCAL, KOHA] 0
952 ## - LOCATION AND ITEM INFORMATION (KOHA)
Withdrawn status [LOCAL, KOHA] 0
952 ## - LOCATION AND ITEM INFORMATION (KOHA)
Withdrawn status [LOCAL, KOHA] 0
Holdings
Permanent Location Date acquired Koha item type Lost status Shelving location Barcode Current Location Full call number
Library Block B2024-03-28AGR B1.570a078746Library Block BAGR LEN 2020 B1-570 Or.
Library Block B2024-03-28AGR B1.570a078806Library Block BAGR LEN 2020 B1-570 Or.
Library Block B2024-03-28AGR B1.570a078866Library Block BAGR LEN 2020 B1-570 Or.
Library Block B2024-03-28AGR B1.570a078826Library Block BAGR LEN 2020 B1-570 Or.
មជ្ឈមណ្ឌលឯការនៃសាកលវិទ្យាល័យភូមិន្ទកសិកម្មចំការដូង

Powered by Koha